• 首页
  • 本馆介绍
  • 公告通知
  • 最新文献
  • 馆藏检索
  • 电子资源
  • 读者导购
  • 参考咨询
  • 我的图书馆
  • 登录
  • 详细信息显示
  • 放入我的书架
  • 预约/预借图书
  • 作者相关作品
  • 分类相关作品
  • 丛书相关作品
  • 出版社相关作品

书目信息

  • 表格格式
  • 工作单格式
  • 卡片格式
题名:
人是教育的对象
    
 
作者: 乌申斯基 著 ;张佩珍 , 郑文樾 , 张敏鳌 译
分册: 下卷  
出版信息: 北京   人民教育出版社  2007
页数: 607-1134页
开本: 21cm
丛书名: 外国教育名著丛书
单 册:
中图分类: G40-056
科图分类:
主题词: 教育人类学
电子资源:
ISBN: 978-7-107-17467-4
000 01391oam2 2200325 450
001 100428393625
005 20110111094406.02
010    @a978-7-107-17467-4@dCNY31.10
100    @a20070104d2007 em y0chiy0110 ea
101 1  @achi@crus
102    @aCN@b110000
105    @aa z 000yy
106    @ar
200 1  @a人是教育的对象@Aren shi jiao yu de dui xiang@e教育人类学初探@h下卷@f(俄)康·德·乌申斯基(К.Д.Ушинский)著@g张佩珍,郑文樾,张敏鳌译
205    @a2版
210    @a北京@c人民教育出版社@d2007
215    @a607-1134页@c图@d21cm
225 2  @a外国教育名著丛书
305    @a据苏联俄罗斯联邦社会主义共和国教育科学院教育理论与教育史研究所编辑出版的《康·德·乌申斯基全集》第九卷译出
330    @a本书分析了教学-教育过程中心理现象的各个方面和各个环节,对耐心、惊奇和疑惑等心灵-内心感知,对性格的培养以及劳动作用等提出见解,揭示了人的身心发展的规律性等。下卷包括心理篇之感知和意志。
461  0 @12001 @a外国教育名著丛书
517 1  @a教育人类学初探@Ajiao yu ren lei xue chu tan
606 0  @a教育人类学
690    @aG40-056@v4
701  0 @c(俄)@a乌申斯基@Awu shen si ji@c(Ушинский,Константин Дмитриевич@f1824~1870)@4著
702  0 @a张佩珍@Azhang pei zhen@4译
702  0 @a郑文樾@Azheng wen yue@4译
702  0 @a张敏鳌@Azhang min ao@4译
801  0 @aCN@bSYL@c20110111
905    @b205970403-430@h597040-43@dG40-056@e535:2=2@f4
    
    人是教育的对象:教育人类学初探.下卷/(俄)康·德·乌申斯基(К.Д.Ушинский)著/张佩珍,郑文樾,张敏鳌译.-2版.-北京:人民教育出版社,2007
    607-1134页:图;21cm.-(外国教育名著丛书)
    
    
    ISBN 978-7-107-17467-4:CNY31.10
    本书分析了教学-教育过程中心理现象的各个方面和各个环节,对耐心、惊奇和疑惑等心灵-内心感知,对性格的培养以及劳动作用等提出见解,揭示了人的身心发展的规律性等。下卷包括心理篇之感知和意志。
●
相关链接 在E读中查询图书 在五车中查询图书 在当当中查询图书 在豆瓣中查询图书


正题名:人是教育的对象     索取号:G40-056/535:2=2         预约/预借

序号 登录号 条形码 馆藏地/架位号 状态 备注
1 597040   205970403   第一样本阅览室/ [索取号:G40-056/535:2=2] 在馆    
2 597041   205970412   第四借阅区/ [索取号:G40-056/535:2=2] 在馆    
3 597042   205970421   第四借阅区/ [索取号:G40-056/535:2=2] 在馆    
4 597043   205970430   第四借阅区/ [索取号:G40-056/535:2=2] 在馆    
唐山师范学院图书馆 欢迎您!
大连网信软件有限公司© 版权所有